LEADER 02103oam 2200517I 450 001 9910458515903321 005 20200520144314.0 010 $a1-315-83884-2 010 $a0-582-38107-X 010 $a1-317-87809-4 024 7 $a10.4324/9781315838847 035 $a(CKB)2550000001319375 035 $a(MiAaPQ)EBC1713374 035 $a(Au-PeEL)EBL1713374 035 $a(CaPaEBR)ebr10885803 035 $a(CaONFJC)MIL619412 035 $a(OCoLC)881571485 035 $a(OCoLC)897463031 035 $a(EXLCZ)992550000001319375 100 $a20180706e20132003 uy 0 101 0 $aeng 135 $aurcnu|||||||| 181 $2rdacontent 182 $2rdamedia 183 $2rdacarrier 200 10$aCivil War America $emaking a nation, 1848-1877 /$fRobert Cook 210 1$aOxon [England] :$cRoutledge,$d2013. 215 $a1 online resource (403 pages) $cillustrations, maps 225 1 $aLongman History of United States 300 $aFirst published 2003 by Pearson Education. 311 $a1-138-17192-1 311 $a1-306-88161-7 320 $aIncludes bibliographical references and index. 327 $a1. A robber and a jailer : the Antebellum Republic -- 2. Bitter fruit of an unjust war : the politics of slavery expansion, 1848-52 -- 3. Political crises of the 1850s -- 4. The disunited states : secession and Civil War -- 5. Our deliverance is nigh : the quest for Southern independence -- 6. Last full measure of devotion : the union in wartime -- 7. War by any other name : the struggle over reconstruction, 1865-76 -- 8. Land of gold : the Far West in the mid-nineteenth century -- 9. Reform, reaction and reunion at the dawn of the Gilded Age. 410 0$aLongman history of United States. 607 $aUnited States$xHistory$yCivil War, 1861-1865 607 $aUnited States$xHistory$y1849-1877 608 $aElectronic books. 676 $a973.6 700 $aCook$b Robert.$0996452 801 0$bFlBoTFG 801 1$bFlBoTFG 906 $aBOOK 912 $a9910458515903321 996 $aCivil War America$92284487 997 $aUNINA LEADER 01041nam0 22003011i 450 001 RML0294852 005 20231121125739.0 010 $a0198534183 100 $a20121121d1992 ||||0itac50 ba 101 | $aeng 102 $agb 181 1$6z01$ai $bxxxe 182 1$6z01$an 200 1 $a˜The œAlgebraic eigenvalue problem$fJ. H. Wilkinson 205 $aRep 210 $aOxford $cClarendon Press $d1992 215 $axviii, 662 p.$d23 cm 606 $aEquazioni$xRisoluzioni numeriche$2FIR$3RMLC377637$9I 606 $aMatrici$2FIR$3RMLC381024$9I 700 1$aWilkinson$b, James Hardy$3RMLV190423$0117737 801 3$aIT$bIT-01$c20121121 850 $aIT-FR0099 899 $aBiblioteca Area Ingegneristica$bFR0099 912 $aRML0294852 950 0$aBiblioteca Area Ingegneristica$d 54DII 512.9 WIL$e 54VM 0000645505 VM barcode:BAIN001641. - Inventario:1839DVM$fA $h20061114$i20121204 977 $a 54 996 $aAlgebraic eigenvalue problem$932741 997 $aUNICAS